000 01681nam1a2200313 i 4500
001 RU\NLR\BIBL_A\011754293
005 20260408114310.0
035 _a(NLR Aleph) 011754293
090 _a11644019
_c11644019
100 _a20141128g20149999km y0rusy50 ba
101 0 _afre
102 _aRU
105 _a||||j |||||
200 1 _aGlossaire des termes médicaux
_dГлоссарий медицинских терминов
_ematériel enseignement pour les étudiants de spécialisation 060101.65.31.05.01 "Médecine générale"
_een trois parties
_fLe Ministére de l'instruction et de la science de la Fédération de Russie, L'Établissement d'instruction d'état de l'enseignement supérieur professionnel L'Université d'état Derjavine de Tambov
_g[Denissova Ju. M. et al.
_gsous la direction: L. A. Panassenko, O. G. Lasskaya]
_zrus
210 _aTambov
_cИзд-во ТГУ
_d2014
215 _d21
510 1 _aГлоссарий медицинских терминов
_zrus
606 1 _aФранцузский язык
_xТерминология медицинская
_xСловари
_xРусский язык
_91886855
_3RU\NLR\AUTH\661148167
686 1 _aШ147.11-491терм
686 1 _aР.в3я73
702 1 _4220
_7ba
_8eng
_aDenisova
_bJ. M.
_cфилолог
_9192527
_3RU\NLR\AUTH\770192578
702 1 _4340
_8rus
_7ba
_aPanasenko
_bL. A.
_f1974-
_gLjudmila Aleksandrovna
_3RU\NLR\AUTH\7756182
_939114
712 0 2 _4570
_8fre
_aUniversité d'état G. R. Derjavine
_cTambov
_7ba
_3RU\NLR\AUTH\880369825
_9406248
852 _aNLR
_jСИк 2014-2/34
942 _cBOOK